Dra' Abu el-Naga III : Das Kloster Deir el-Bachît : Webstühle und Textilien /

Saved in:

Main Author: Sigl, Johanna (Author)

Other Authors: Tatz, Sabrina.

Format: Book

Language: German

Published: Wiesbaden : Harrassowitz Verlag, 2022.

Series: Archaologische Veroffentlichungen (Deutsches Archaologisches Institut. Abteilung Kairo) ; 130.
ArchVer ; 130.

Subjects:

Tags: Add Tag

No Tags, Be the first to tag this record!

Call Number: ( F )DT57 .D47 v.130

LEADER 01025nam a22002657a 4500
003 OSt
005 20260521075902.0
008 260511s2022 gw a b 001 0 ger d
020 |a 9783447118668 
040 |c ARCE Library 
050 4 |a ( F )DT57 .D47 v.130 
100 1 |a Sigl, Johanna,   |e author 
245 1 0 |a Dra' Abu el-Naga III :  |b Das Kloster Deir el-Bachît : Webstühle und Textilien /  |c von Johanna Sigl und Sabrina Tatz. 
264 1 |a Wiesbaden :  |b Harrassowitz Verlag,   |c 2022. 
300 |a 275 pages :  |b illustrations (color) ;  |c 36 cm. 
490 0 |a Archaologische Veroffentlichungen (Deutsches Archaologisches Institut. Abteilung Kairo) ;   |v 130. 
490 0 |a ArchVer ;   |v 130. 
504 |a Includes bibliographical references and indexes. 
650 0 |a Excavations (Archaeology)  |z Egypt  |z Dra' Abu el-Naga. 
650 0 |a Inscriptions, Egyptian  |z Egypt  |z Dra' Abu el-Naga. 
651 0 |a Thebes (Egypt : Extinct city)  |x Antiquities. 
700 1 |a Tatz, Sabrina. 
901 |a reviewed 
942 |2 lcc  |c BK 
999 |c 62240  |d 62240